Biology
সংরক্ষণ করুন:
| প্রধান লেখক: | |
|---|---|
| বিন্যাস: | গ্রন্থ |
| ভাষা: | Undetermined |
| প্রকাশিত: |
London
W. B. Saunders Company
1963
|
| বিষয়গুলি: | |
| ট্যাগগুলো: |
ট্যাগ যুক্ত করুন
কোনো ট্যাগ নেই, প্রথমজন হিসাবে ট্যাগ করুন!
|
| Thư viện lưu trữ: | Trung tâm Học liệu Trường Đại học Cần Thơ |
|---|
| LEADER | 00445nam a2200181Ia 4500 | ||
|---|---|---|---|
| 001 | CTU_69065 | ||
| 008 | 210402s9999 xx 000 0 und d | ||
| 082 | |a 570 | ||
| 082 | |b V729 | ||
| 100 | |a Villee, Claude A. | ||
| 245 | 0 | |a Biology | |
| 245 | 0 | |c Claude A. Villee | |
| 260 | |a London | ||
| 260 | |b W. B. Saunders Company | ||
| 260 | |c 1963 | ||
| 650 | |a Biology | ||
| 904 | |i TUYEN | ||
| 980 | |a Trung tâm Học liệu Trường Đại học Cần Thơ | ||